Alternatívne zdroje pri financovaní vybraného subjektu podnikateľskej sféry bakalárska práca

Gespeichert in:
Bibliographische Detailangaben
1. Verfasser: Lukáčová, Viktória
Körperschaft: Národohospodárska fakulta EU. Katedra financií
Weitere Verfasser: Červeňová, Magdaléna, 1962-
Format: Buch
Sprache:Slowakisch
Veröffentlicht: Bratislava 2020
Tags: Tag hinzufügen
Keine Tags, Fügen Sie das erste Tag hinzu!

MARC

LEADER 00000nbm a2200000 4500
001 0265627
005 20200925132407.6
041 0 |a slo 
044 |a SK 
245 1 0 |a Alternatívne zdroje pri financovaní vybraného subjektu podnikateľskej sféry  |b bakalárska práca  |c Viktória Lukáčová ; školiteľ: Magdaléna Červeňová 
264 1 |a Bratislava  |c 2020 
300 |a 49 s. 
100 1 |a Lukáčová, Viktória 
700 1 |a Červeňová, Magdaléna, 1962- 
710 2 |a Národohospodárska fakulta EU. Katedra financií